| 000 | 00575nam a2200205Ia 4500 | ||
|---|---|---|---|
| 001 | 14831 | ||
| 003 | GE_BSU | ||
| 008 | 181216s||||||||xx |||||||||||||| ||und|| | ||
| 040 | _cGE_BSU | ||
| 080 | _a512.54+517.53/55 | ||
| 100 | _aАлексеев,В.Б. | ||
| 245 | _aТеорема Абеля в задачах и решениях | ||
| 245 | _cРед.А.В.Михалев | ||
| 260 | _aМосква | ||
| 260 | _bНаука | ||
| 260 | _c1976 | ||
| 300 | _a206стр.20см. | ||
| 653 | _aТеорема Абеля в задачах и решениях | ||
| 942 | _cBK | ||
| 999 |
_c47954 _d47954 |
||